000 00850nam0a22002411 4500
001 v19\rc\1304653
005 20250618031315.0
035 _a(NLR Aleph) 004462606
090 _a4525236
_c4525236
100 _a20060512d1897 |||y0rusy50 ca
101 0 _arus
102 _aRU
105 _ay z |||||
200 1 _aПравила специальной фортепианной школы свободного художника А.Ф. Бенш в г. Харькове
_e[Утв. 7 янв. 1897 г.]
210 _aХарьков
_dценз. 1897
215 _a3 с.
309 _aБез тит. л. и обл.
710 0 2 _aХарьковская специальная фортепьянная школа А.Ф. Бенш
801 0 _aRU
_bNLR
_gpsbo
801 1 _aRU
_bProSoft-M
_2rusmarc
852 _aNLR
_j18.305.3.169
942 _cBOOK
980 _aNB